000 00599nam a22001817a 4500
999 _c151035
_d151035
005 20181116123557.0
010 _aENG-122549
020 _a9789386224668
_c350.00.00
035 _aEN-106081
037 _bDBAD/PUB.
082 _a796.358
100 _aSpooner, John
245 _aDean Jones' cricket tips:
_cby John Spooner
_b(the things they don't teach you at the academy) /
260 _aChennai
_bWestland Publications Ltd.
_c2016
270 _a61, II Floor, Silverline Building, Alapakkam Main Road, Madurayoyal,
_bChennai
_e600095
300 _a85p.
_bill.
_c17cm.(pbk)
942 _2ddc
_cEN
_mSPO